O oceano (Registo nº 4291)

Detalhes MARC
000 -Etiqueta do registo
Cabeçalho 00567nam a2200217 4500
005 - Identificador da versão
Campo de controlo 20240813122057.0
010 ## - Número internacional normalizado dos livros (ISBN)
Número (ISBN) 9722614169
100 ## - Dados gerais de processamento
Dados gerais de processamento 19981120d1997 a y0pory5003 ba
102 ## - Pais de publicação ou produção
País de publicação Portugal
101 1# - Língua de publicação
Língua do texto, banda sonora, etc. Português
Língua do documento no original Inglês
215 ## - Descrição física 
Indicação específica da natureza do documento e extensão da espécie 44p
Outras indicações físicas il
Dimensões 29cm
200 1# - Titulo e menção de responsabilidade
Título próprio O oceano
Primeira menção de responsabilidade escrito por Miranda Macquitty
Outras menções de responsabilidade tradução de Sofia Gomes
225 1# - Colecção 
Título próprio da colecção Ver Por Dentro
Indicação de volume 1
210 ## - Publicação, Distribuição, etc. 
Lugar da edição, distribuição, etc. Porto
Nome do editor, distribuidor, etc. Civilização
Data da publicação, distribuição, etc. 1997
675 ## - Classificação Decimal Universal (CDU)
Notação 551.46
Edição 2
Língua da edição por
700 #1 - Nome de autor-pessoa física (responsabilidade principal)
Número de registo de entrada de autoridade 0001055
Palavra de ordem Macquitty
Outra parte do nome não tomada para palavra de ordem Miranda
942 ## - Elementos de entrada adicionados (Koha)
Tipo de item no Koha Livro
Exemplares
Situação do levantamento Origin of item (home branch) (coded) Biblioteca de empréstimo Código de barras Cota Circulation type (not for loan) Tipo de documento Nota do exemplar Damaged status
  Biblioteca Escolar das Vendas Biblioteca Escolar das Vendas BEV1274 5BIO MAQ   Livro Sem mensagem